[Event "DEN-SWE"]
[Site "Hinnerup"]
[Date "1995.??.??"]
[Round "1"]
[White "Hansen, Lars Bo"]
[Black "Hellers, Ferdinand"]
[Result "1-0"]
[WhiteElo "2565"]
[BlackElo "2585"]
[Annotator "Hansen,LB"]
[PlyCount "75"]
[EventDate "1995.??.??"]
[EventType "team"]
[EventRounds "2"]
[EventCountry "DEN"]
[SourceTitle "CBM 047"]
[Source "ChessBase"]
[SourceDate "1995.08.01"]
[SourceVersion "1"]
[SourceVersionDate "1995.08.01"]
[SourceQuality "1"]

1. d4 Nf6 2. Nf3 g6 3. Nc3 d5 4. Bf4 Bg7 5. e3 O-O 6. Be2 Bg4 7. Ne5 Bxe2 8.
Qxe2 Nh5 $5 $146 (8... c6 9. h4 Nbd7 (9... Nh5 10. g4 Nxf4 11. exf4 c5 12.
O-O-O cxd4 13. Rxd4 e6 14. g5 Nc6 15. Rd3 Qb8 16. Re1 $14 {Blatny,P-Grosse
Kloenne/2.BL/1991/}) (9... Qa5 10. h5 c5 11. hxg6 fxg6 12. Qf3 Nc6 13. Qh3 Nxe5
14. dxe5 Nh5 15. O-O-O $40 {Blatny,P-Trapl,J/Chambery/1991/}) 10. g4 (10. O-O-O
Qa5 11. h5 $1 Nxe5 12. dxe5 Ne4 (12... Nxh5 13. Rxh5 gxh5 14. Qxh5 $40) 13.
hxg6 hxg6 14. Qg4 $1 Nxc3 15. bxc3 Rfd8 (15... Qa3+ 16. Kd2 e6 17. Rh3 c5 18.
Qh4 Rfc8 19. Rdh1 Kf8 20. Qg5 Ke8 21. Rh7 d4 22. Rxg7 Qxc3+ 23. Ke2 {1-0/
Hebden,M-Krakops,M/Capelle la Grande/1995/}) 16. Qh4 Kf8 17. Qh7 e6 18. Rd3
Qxa2 19. Kd2 Qa3 20. Rh3 a5 21. Rf3 Rd7 22. Bg5 a4 23. Bf6 Bxf6 24. exf6 Ke8
25. Qh8+ Qf8 26. Rh3 {1-0/Blatny,P-Peek,M/Groningen/1990/}) 10... Ne4 11. Nxe4
dxe4 12. Nxd7 Qxd7 13. O-O-O $14 {Granda Zuniga,J-Bass,L/Barcelona/1990/}) (
8... e6 9. h4 c5 10. dxc5 Nh5 11. Bh2 Qxh4 12. O-O-O Qb4 13. Nd3 Qc4 14. Bd6
Rd8 15. Rxh5 gxh5 16. Qxh5 Rxd6 17. cxd6 Nd7 18. Rh1 h6 19. Qh4 $16 {Hebden,
M-Lane,G/Hastings/1990/}) 9. h4 (9. O-O-O $5) (9. Qb5 $5 Nxf4 10. exf4 Nc6 $1
$13) 9... Nxf4 10. exf4 Nc6 11. O-O-O e6 12. h5 $5 (12. Kb1) 12... Nxe5 13.
fxe5 (13. dxe5 $5) 13... Qg5+ 14. Kb1 c5 $1 15. Rde1 $1 Rac8 (15... cxd4 $6 16.
Nb5 $16) 16. Nb5 cxd4 $2 (16... a6 $1 17. Nd6 Rc6 $13) 17. Nxd4 Rc4 18. Qd3
Qxg2 $6 {X Qg2} 19. b3 $1 Rc5 20. hxg6 hxg6 21. Qd2 $1 $16 Rfc8 22. Reg1 Qe4
23. f4 g5 $8 (23... Bxe5 24. fxe5 Qxe5 25. Rh3 $18 {X Kg8}) 24. Rh2 $1 Kf8 (
24... Qxf4 25. Qxf4 gxf4 26. Rhg2 $18) 25. Rxg5 b6 26. Rh3 (26. Rxg7 $5 Kxg7
27. f5 Kf8 $8 28. fxe6 $40) 26... a5 27. Rg1 b5 28. Qd3 $1 Qxd3 29. cxd3 $18 {
X Bg7} Rc3 $138 30. Nxb5 Rc2 31. Nd6 R8c6 32. Rh7 Rf2 33. Rgxg7 $138 Rcc2 34.
Rxf7+ Kg8 35. Rfg7+ Kf8 36. Rc7 $1 Rb2+ 37. Kc1 Rxa2 38. Rc8# 1-0

[Event "Capablanca Memorial Elite 30th"]
[Site "Matanzas"]
[Date "1995.??.??"]
[Round "3"]
[White "Miles, Anthony John"]
[Black "Blanco Fernandez, Alvaro"]
[Result "1-0"]
[WhiteElo "2615"]
[BlackElo "2455"]
[Annotator "Hecht,H"]
[PlyCount "85"]
[EventDate "1995.05.??"]
[EventType "tourn"]
[EventRounds "13"]
[EventCountry "CUB"]
[EventCategory "11"]
[SourceTitle "CBM 048"]
[Source "ChessBase"]
[SourceDate "1995.10.01"]
[SourceVersion "1"]
[SourceVersionDate "1995.10.01"]
[SourceQuality "1"]

1. d4 Nf6 2. Bg5 d5 3. Bxf6 exf6 4. e3 Bd6 5. Nf3 O-O 6. Nbd2 c6 7. Bd3 Re8 8.
O-O Nd7 9. c4 dxc4 10. Nxc4 Bf8 11. Qc2 g6 12. Rfd1 Nb6 13. a3 a5 14. Rac1 a4
15. Nxb6 Qxb6 16. Nd2 Be6 17. Qb1 Rad8 18. Ne4 Kg7 19. Nc5 Qa7 20. Rc3 Bg4 21.
Rdc1 b6 22. Ne4 Bd7 23. g3 f5 24. Ng5 h6 25. Nf3 c5 26. Ne5 Bd6 27. Nxd7 Qxd7
28. dxc5 Bxc5 29. Rd1 Be7 30. Be2 Qb7 31. Bb5 Rxd1+ 32. Qxd1 Rd8 33. Qc2 Bf6
34. Rc6 Rd5 35. Bxa4 Rc5 36. Rxc5 bxc5 {Q+B - Q+B (ungleichfarbige B) 1 weißer
Mehrbauer, kombiniertes Spiel gegen f7 und Vormarsch des a-Freibauern} 37. Bb3
h5 38. h4 Kg8 39. a4 Kg7 40. a5 f4 41. gxf4 Bxh4 42. Qc4 Bd8 43. a6 (43. a6 Qa7
44. Qxf7+ Qxf7 45. Bxf7 Bb6 46. Bc4 $18) 1-0

[Event "Krynica zt"]
[Site "Krynica"]
[Date "1998.09.09"]
[Round "8"]
[White "Chatalbashev, Boris"]
[Black "Jansa, Vlastimil"]
[Result "1-0"]
[WhiteElo "2535"]
[BlackElo "2490"]
[Annotator "Hecht,H"]
[PlyCount "103"]
[EventDate "1998.09.02"]
[EventType "swiss"]
[EventRounds "9"]
[EventCountry "POL"]
[SourceTitle "CBM 067"]
[Source "ChessBase"]
[SourceDate "1998.11.30"]
[SourceVersion "2"]
[SourceVersionDate "1998.11.01"]
[SourceQuality "1"]

1. d4 Nf6 2. Nf3 g6 3. Nc3 d5 4. Bf4 Bg7 5. e3 O-O 6. Be2 Bg4 7. h3 Bxf3 8.
Bxf3 c6 9. O-O Nbd7 10. a4 a5 11. Ra3 Re8 12. Rb3 Ra7 13. e4 dxe4 14. Bxe4 Nxe4
15. Nxe4 Nb6 16. Nc5 Qxd4 17. Be3 Qxd1 18. Rxd1 Nc4 19. Nxb7 Raa8 20. c3 Be5
21. Rd7 Nxe3 22. fxe3 Kf8 23. Rb6 Rec8 24. Nc5 Rab8 25. Ra7 Rxb6 26. Nd7+ Kg7
27. Nxb6 {[#] Weißer Mehrbauer und weitere schwarze Bauernschwächen lassen
Schwarz keine echte Remischance. Man beachte den Witz im 49.Zug!} Rd8 28. Rxe7
Bg3 29. Rd7 Re8 30. Nc4 h5 31. Kf1 Re6 32. Ke2 Rf6 33. Rd2 Rf5 34. Kd3 h4 35.
e4 Rg5 36. Re2 Kf8 37. e5 c5 38. Ke4 Ke7 39. Kd5 f6 40. Kxc5 fxe5 41. Kb6 Ke6
42. Nxa5 Kd5 43. Nc6 Bh2 44. a5 Rh5 45. a6 Bg1+ 46. Kb5 e4 47. a7 Kd6+ 48. Kc4
Rh8 49. Nd8 $1 {[%cal Rd8f7,Ra7a8] eine nette Kleinigkeit!} Rxd8 50. Rd2+ Ke5
51. Rxd8 Bxa7 52. Rf8 1-0

[Event "Hastings 9596"]
[Site "Hastings"]
[Date "1996.??.??"]
[Round "6"]
[White "Miles, Anthony John"]
[Black "Sadler, Matthew D"]
[Result "1-0"]
[WhiteElo "2600"]
[BlackElo "2565"]
[Annotator "Hecht,H"]
[PlyCount "97"]
[EventDate "1995.12.??"]
[EventType "tourn"]
[EventRounds "9"]
[EventCountry "ENG"]
[EventCategory "13"]
[SourceTitle "CBM 051"]
[Source "ChessBase"]
[SourceDate "1996.04.01"]
[SourceVersion "1"]
[SourceVersionDate "1996.04.01"]
[SourceQuality "1"]

1. d4 d5 2. Bg5 h6 3. Bh4 c6 4. e3 Qb6 5. Qc1 Bf5 6. Nf3 Nd7 7. c4 e6 8. Nc3
Be7 9. c5 Qd8 10. Bg3 a5 11. a3 a4 12. Be2 Ngf6 13. O-O Ne4 14. Nxe4 Bxe4 15.
Qc3 O-O 16. Rfc1 Ra7 17. Ne5 Nxe5 18. Bxe5 b6 19. Bd6 bxc5 20. Qxc5 Rb7 21.
Bxe7 Qxe7 22. Qxe7 Rxe7 23. f3 Bg6 24. Bd1 Ra7 25. Rc3 Rb8 26. b4 axb3 27. Rxb3
Rxb3 28. Bxb3 Bd3 29. a4 Rb7 30. Ra3 Kf8 31. Kf2 Ke7 32. Ke1 Ba6 33. Kd2 Kd6
34. Bc2 c5 35. Rb3 Rxb3 36. Bxb3 Bf1 37. g3 e5 38. dxe5+ Kxe5 39. Bc2 Kd6 40.
Bd3 Bxd3 41. Kxd3 {[#] B-B: getrennte vs verbundene Freibauern, Tempospiel} h5
(41... f5 42. e4 dxe4+ 43. fxe4 fxe4+ 44. Kxe4 Kc6 45. h4 Kb6 46. Kd5 Ka5 47.
Kxc5 Kxa4 48. Kd5 Kb4 49. Ke6 Kc4 50. Kf7 g5 51. hxg5 hxg5 52. Kg6 g4 53. Kg5
$18) 42. e4 d4 43. f4 Kc6 44. h3 Kb6 45. e5 Ka5 (45... g6 46. g4 hxg4 47. hxg4
$16) 46. f5 Kb4 47. e6 c4+ 48. Kc2 (48. Kxd4 fxe6 49. fxe6 c3 50. e7 c2 51.
e8=Q c1=Q 52. Qb5+ Ka3 53. Qc5+ Qxc5+ 54. Kxc5 Kxa4 55. Kd5 Kb4 56. Ke6 Kc4 57.
Kf7 Kd4 58. Kxg7 Ke4 59. Kg6 Kf3 60. Kxh5 Kxg3 61. h4 Kf4 62. Kg6 $18) 48...
d3+ 49. Kc1 $1 (49. Kd1 fxe6 50. fxe6 c3 51. e7 c2+ 52. Kd2 $18) 1-0

[Event "Cutro 07th"]
[Site "Cutro"]
[Date "2001.04.27"]
[Round "6"]
[White "Chatalbashev, Boris"]
[Black "Ristic, Nenad"]
[Result "1-0"]
[WhiteElo "2518"]
[BlackElo "2425"]
[Annotator "Hecht,H"]
[PlyCount "119"]
[EventDate "2001.04.22"]
[EventType "tourn"]
[EventRounds "10"]
[EventCountry "ITA"]
[EventCategory "9"]
[SourceTitle "CBM 083"]
[Source "ChessBase"]
[SourceDate "2001.07.05"]
[SourceVersion "1"]
[SourceVersionDate "2001.07.05"]
[SourceQuality "1"]

1. d4 Nf6 2. Nf3 g6 3. Nc3 d5 4. Bf4 Bg7 5. e3 O-O 6. Be2 c5 7. Ne5 Nc6 8. O-O
cxd4 9. exd4 Qb6 10. Nxc6 bxc6 11. Na4 Qa5 12. c3 Nd7 13. b4 Qd8 14. Qd2 e5 15.
dxe5 Nxe5 16. Rfe1 Nc4 17. Bxc4 dxc4 18. Qxd8 Rxd8 19. Bc7 Rf8 20. Be5 Bf5 21.
Bxg7 Kxg7 22. Nc5 a5 23. a3 Ra7 24. h4 Rfa8 25. Rad1 axb4 26. axb4 Ra2 27. Rd4
Rc2 28. g4 Bc8 29. Re7 Kf6 30. Rc7 h5 31. Rf4+ Ke5 32. Rfxf7 hxg4 33. Rce7+ Kd5
34. Rf8 Kd6 35. Rg7 Ra1+ 36. Kg2 Bf5 37. h5 Rcc1 38. Kg3 Rxc3+ 39. Kf4 Rf3+ 40.
Kg5 Ke5 41. hxg6 Bxg6 42. Re7+ Kd4 43. Rxf3 gxf3 44. Kxg6 Ra2 45. Rd7+ Ke5 46.
Re7+ Kd4 {[#] Technisches Problem durch geringes Bauernmaterial - Mattideen -
Abwicklung - Ausgelassene außergewöhnliche Remischancen im 52. und 55. Zug
-Taktik} 47. Kf5 c3 $2 (47... Rxf2 $142 48. Kf4 Rf1 $44 (48... Rb2 $2 49. Rd7+
Kc3 50. Na4+ $18) {z.B.} 49. Na4 c3 50. Re4+ Kd3 51. Nc5+ Kc2) 48. Re4+ Kd5 49.
Nb3 {[%cal Re4d4]} c5 (49... Kd6 50. Rc4 Rxf2 51. Rxc3 $18) 50. bxc5 Rxf2 51.
Re5+ Kc4 52. c6 Rh2 (52... Re2 $3 53. c7 Rxe5+ 54. Kxe5 Kxb3 55. c8=Q f2 $1 (
55... c2 56. Kd4 $18) 56. Qe6+ Kc2 57. Qa2+ Kd1 58. Qxf2 c2 59. Qg1+ Kd2 60.
Qd4+ Ke2 61. Qc3 Kd1 62. Qd3+ Kc1 63. Kd4 Kb2 64. Qe2 Ka1 $1 $11 (64... Kb1 65.
Kc3 c1=Q+ 66. Kb3 $18)) 53. c7 Rh8 (53... Rh5+ 54. Kf4 Rxe5 55. c8=Q+ Kxb3 56.
Qb8+ Ka2 57. Qxe5 f2 58. Qa5+ Kb1 59. Qb4+ Ka2 60. Qc4+ Kb2 61. Ke3 c2 62. Kd2
$18 {hilft diesmal nicht}) 54. Na5+ Kd3 55. Rd5+ Kc2 (55... Ke2 $5 56. Rd8 Rh5+
$1 (56... f2 $5 57. Rxh8 f1=Q+ 58. Ke5 c2 59. c8=Q c1=Q 60. Qg4+ Ke1 61. Qe4+
Kf2 {Wer findet einen Gewinn?}) 57. Kg4 Rc5 $11) 56. Ke6 Kb2 (56... f2 57. Rf5
Kb1 58. Rxf2 c2 59. Nb3 $18) 57. Nc4+ Kb3 58. Ne3 c2 59. Nxc2 Kxc2 60. Rf5 1-0

[Event "Hamburg-ch int"]
[Site "Hamburg"]
[Date "1998.05.31"]
[Round "3"]
[White "Ftacnik, Lubomir"]
[Black "Heinemann, Thies"]
[Result "1-0"]
[WhiteElo "2580"]
[BlackElo "2450"]
[Annotator "Heinemann,T"]
[PlyCount "89"]
[EventDate "1998.05.29"]
[EventType "swiss"]
[EventRounds "9"]
[EventCountry "GER"]
[SourceTitle "CBM 064 Extra"]
[Source "ChessBase"]
[SourceDate "1998.07.07"]
[SourceVersion "1"]
[SourceVersionDate "1998.07.07"]
[SourceQuality "1"]

1. d4 Nf6 2. Nf3 g6 3. Nc3 d5 4. Bf4 Bg7 5. e3 O-O 6. Be2 c6 7. h3 Nbd7 8. O-O
Re8 9. a4 a5 10. Bh2 Nb6 11. Bd3 Bf5 12. Bxf5 gxf5 13. Ne5 Nbd7 14. g4 fxg4 15.
hxg4 Ne4 16. Nxe4 dxe4 17. Nc4 e5 $1 18. dxe5 Bxe5 19. f4 exf3 20. Qxf3 Bxh2+
21. Kxh2 Qc7+ (21... Qh4+ $5 22. Kg2 Ne5 23. Nxe5 Rxe5 24. Qxf7+ Kh8 $14) 22.
Kg2 Ne5 23. Qf4 Re7 $6 (23... Re6) 24. Qg5+ Ng6 25. Rad1 Re6 26. Rd4 Rae8 27.
Rfd1 Qe7 28. Qxe7 R8xe7 29. Rd8+ Re8 $2 (29... Kg7 30. Nd6 Kf6 31. e4 $16) 30.
Nxa5 $18 Kg7 31. Nxb7 Rxe3 32. Rxe8 Rxe8 33. a5 Re2+ 34. Kf1 Rxc2 35. a6 Rxb2
36. Ra1 Ne5 37. a7 Rxb7 38. a8=Q Rb4 39. Qa5 Rf4+ 40. Ke2 Re4+ 41. Kd1 Rd4+ 42.
Kc2 c5 43. Ra4 Nc6 44. Qc3 Kg6 45. Qxc5 1-0

[Event "BCF-ch"]
[Site "Dundee"]
[Date "1993.??.??"]
[Round "9"]
[White "Hodgson, Julian M"]
[Black "Gokhale, Jayant Suresh"]
[Result "1-0"]
[WhiteElo "2625"]
[BlackElo "2330"]
[Annotator "Hodgson,Ju"]
[PlyCount "57"]
[EventDate "1993.08.??"]
[EventType "swiss"]
[EventRounds "11"]
[EventCountry "SCO"]
[SourceTitle "CBM 038"]
[Source "ChessBase"]
[SourceDate "1994.02.01"]
[SourceVersion "1"]
[SourceVersionDate "1994.02.01"]
[SourceQuality "1"]

1. d4 Nf6 2. Bg5 d5 3. Bxf6 exf6 4. e3 Be7 5. c4 dxc4 6. Bxc4 O-O 7. Nc3 c6 (
7... c5) 8. Nge2 Nd7 9. Qc2 Bd6 {/\ 10...f5 11.Qxf5? Ne5!} 10. Bd3 g6 11. h3 $1
(11. h4 f5 12. h5 Nf6 13. hxg6 hxg6 {/\ ...Kg7, Rh8}) 11... Qe7 (11... f5 12.
g4) 12. O-O-O a5 13. Kb1 Nb6 14. h4 Be6 15. h5 f5 16. g4 Nd5 $1 $8 (16... fxg4
17. hxg6 fxg6 18. Bxg6 hxg6 19. Qxg6+ Qg7 20. Qxe6+) 17. gxf5 (17. Nxd5 Bxd5
18. gxf5 Bxh1 19. Rxh1) 17... Nb4 18. Qd2 Nxd3 (18... gxf5 19. f3 {/\ e4+/=} (
19. Ng3 Bxg3 20. Rdg1)) 19. Qxd3 gxf5 (19... Bxf5 20. e4 Be6 21. e5 Bf5 22. Ne4
Bc7 23. N2g3 $16) 20. d5 $1 cxd5 21. Nxd5 Qd8 (21... Bxd5 22. Qxd5 Be5 23. f4
Bf6 24. Qxf5 $16) 22. Rdg1+ Kh8 23. Qc3+ $1 f6 24. Ndf4 Qd7 (24... Bg8 25. Ng6+
hxg6 26. hxg6+ Kg7 27. Nd4 Qd7 28. Qc2 $18) (24... Bxf4 25. Nxf4 Bd5 26. f3 $3
Bxf3 27. Ng6+ hxg6 28. hxg6+ Bxh1 (28... Kg8 29. Qc4+ Qd5 (29... Bd5 30. Qh4)
30. Rh8+ Kxh8 (30... Kg7 31. Qc7+ Rf7 32. Rh7+) 31. Qh4+ Kg7 32. Qh7#) 29. g7+
Kh7 (29... Kg8 30. gxf8=Q+ Kxf8 31. Rxh1 $18 Rc8 (31... Kg7 32. Rg1+ Kf7 33.
Qc4+) 32. Qxc8 Qxc8 33. Rh8+) 30. gxf8=Q Be4+ 31. Ka1 Qxf8 32. Qc7+ Kh8 33.
Qh2+) (24... Rc8 25. Nxe6 Rxc3 26. Nxd8 $18) (24... Bxf4 25. Nxf4 Bd5 26. f3
Rc8 27. Qd4 Bxf3 28. Ng6+ hxg6 29. hxg6+ Bxh1 (29... Kg7 30. Rh7+ Kg8 31. Qh4)
30. Qh4+) 25. Ng6+ $1 hxg6 26. hxg6+ Kg8 27. g7 Rfc8 28. Qxf6 Bxa2+ 29. Ka1 1-0

[Event "Norway Chess 4th"]
[Site "Stavanger"]
[Date "2016.04.19"]
[Round "1"]
[White "Kramnik, Vladimir"]
[Black "Grandelius, Nils"]
[Result "1-0"]
[WhiteElo "2801"]
[BlackElo "2649"]
[Annotator "Iotov,V"]
[PlyCount "77"]
[EventDate "2016.04.19"]
[EventType "tourn"]
[EventRounds "9"]
[EventCountry "NOR"]
[EventCategory "21"]
[SourceTitle "CBM 172"]
[Source "ChessBase"]
[SourceDate "2016.05.12"]
[SourceVersion "1"]
[SourceVersionDate "2016.05.12"]
[SourceQuality "1"]

1. d4 Nf6 2. Bf4 d5 3. e3 e6 4. c3 c5 5. Nd2 Nc6 6. Bd3 (6. Ngf3 Bd6 7. Bg3 $14
{is the main variation.}) 6... Bd6 7. Bxd6 Qxd6 8. f4 {The slightly modified
move order allows Kramnik to develop his knight behind the f4-pawn. This move
creates a spatial advantage as well as a potential attack on the kingside. The
problem is that White may not be developed well enough to be able to stop any
counterplay motifs such as the manoeuvre Ne7-Nf5 to attack the already
weakened pawn on e3.} cxd4 9. cxd4 O-O (9... Nb4 10. Be2 O-O 11. a3 Nc6 12. Bd3
$11 {Even though this move doesn't change the outcome of the position, it is
worth noting that the trick exists. Eventually White ends up playing a2-a3
anyway, but in some positions that is simply not the case and White ends up
playing it while Black plays a more beneficial move.}) 10. a3 Ne7 $1 11. Ngf3 (
11. g4 {An interesting idea - deny ...Nf5! Unfortunately, it doesn't lead to
an advantage.} Bd7 (11... Qb6 12. g5 Ne8 13. Qb3 $14) 12. g5 (12. Qf3 $6 Qb6
$17) (12. h3 a6 13. Ngf3 Bb5 14. Bxb5 axb5 15. Qb3 Qb6 16. Kf2 Rfc8 17. Rhc1
Ne8 $15) 12... Ne8 13. Ngf3 Nf5 14. Qb3 (14. Qe2 f6 15. O-O-O Ba4 16. Rde1 b5
$132) 14... Rc8 (14... Nxe3 15. Bxh7+ Kxh7 16. Qxe3 g6 17. Ne5 Ng7 18. h4 $40)
15. Kf2 Qe7 16. Rac1 Ned6 $15 {With a better pawn structure and well
established control over the centre, it is a no-brainer to say that Black has
solved all his problems and is the only one in the position who can fight for
the advantage!}) (11. Qe2 Qb6 12. Rb1 Nf5 13. g4 (13. Ngf3 Ng4 14. Nf1 Bd7 $17)
13... Nd6 14. Nh3 Nfe4 15. Nf2 Nxd2 16. Qxd2 Bd7 $15) 11... Qb6 $6 {It seems
like Grandelius has already made his choice of game plan, and it doesn't
involve ...Nf5. The position remains equal but it slowly transforms into a
position in which only Kramnik can fight for an advantage.} (11... Nf5 $1 12.
Qe2 (12. Qb3 b6 $5 (12... Nxe3 13. Bxh7+ Kxh7 14. Qxe3 Bd7 15. O-O Kg8 16. Ne5
Rfc8 $11) 13. Ne5 Bb7 14. g4 Nxe3 15. Bxh7+ Nxh7 16. Qxe3 Rac8 17. O-O Rc2 $15)
(12. Nf1 Qe7 $1 $15 {[%cal Gf5d6]}) 12... Ng4 13. Nf1 (13. Bxf5 exf5 14. h3 Nf6
15. O-O Qb6 16. b4 Bd7 $15) 13... Qe7 $1 (13... Qb6 14. h3 Nf6 15. g4 Nd6 16.
Ng3 Bd7 17. Ne5 Be8 18. O-O Nfe4) (13... f6 14. h3 Ngxe3 15. Nxe3 Ng3 16. Qf2
Nxh1 17. Qh4 h6 18. O-O-O b5 19. Rxh1 $14 {There doesn't seem to be enough
counterplay for Black on the queenside to make up for the material
disadvantage.}) 14. h3 Nf6 15. g4 Nd6 {Simple chess! The idea executed by
Black follows the same concept as the one I talked about in the 9...Nb4
variation.} 16. Ng3 Nfe4 17. Qg2 (17. Bxe4 dxe4 18. Nd2 Bd7 $17) 17... Bd7 $15
{Black has rearranged his pieces perfectly!}) 12. Qb3 Qxb3 13. Nxb3 b6 14. Rc1
$14 Bd7 $6 (14... Nf5 $142 {Once again! This is the last time this idea is
possible. However, if Grandelius hadn't gone for this idea until now it was
clearly not his intention to do so.} 15. Ke2 $8 (15. Kd2 $6 Ng4 16. Rhe1 Nf2
17. Bb5 Nd6 18. Ke2 Nxb5 19. Kxf2 Ba6 $15) (15. Bxf5 $6 exf5 16. Ne5 Ba6 $15)
15... Ng4 16. Bxf5 (16. Rhg1 h5 $1 17. h3 (17. Nbd2 Ngxe3 18. h3 Nc4 19. Nxc4
dxc4 20. Bxc4 Bb7 $15) 17... Ng3+ 18. Kd2 Nf2 19. Bb5 a6 $15) 16... exf5 17.
Ne5 f6 18. Nxg4 fxg4 19. Nd2 Ba6+ 20. Kf2 Rac8 21. Nb1 Kf7 $11 {Unfortunately
for Black there are no weaknesses to be attacked. There are no targets for the
light-squared bishop. Unfortunately for White, the same can be said for the
knight on b1.}) 15. Ke2 (15. Ne5 {There isn't much of a positional difference
between this move and 15.Ke2. However, I believe that the more active approach
would have been the better option.} Ba4 (15... Rfc8 16. Nxd7 Nxd7 17. Ba6 Rxc1+
18. Nxc1 Rd8 19. Ke2 Nb8 20. Bd3 Nd7 $11) 16. Nd2 Rfc8 17. Ke2 Rxc1 18. Rxc1
Rc8 19. Rxc8+ Nxc8 20. g4 Nd6 $14) 15... Nc8 {I cannot say that I approve of
how Grandelius abandoned the c-file. If it were up to me I would have played
15...Rfd8 right away. However, it doesn't seem like White can take much out of
the situation.} (15... Rfc8 $142 16. Ne5 Rxc1 17. Rxc1 Ba4 (17... Rc8 18. Nxd7
Nxd7 $11) 18. Nd2 Rc8 19. Rxc8+ Nxc8 20. g4 Nd6 21. b3 Be8 $1 $11) 16. Ne5 (16.
Rc7 Nd6 17. Rhc1 Rfc8 18. Ba6 Rxc7 19. Rxc7 Bb5+ 20. Bxb5 Nxb5 21. Rc6 Ne8 $11)
16... Ba4 17. Nd2 Nd6 18. b3 (18. Ba6 Bb5+ 19. Bxb5 Nxb5 20. Rc6 Rfc8 21. Rhc1
Rxc6 22. Rxc6 Ne8 23. a4 Nbd6 24. b4 f6 25. Nd3 Rc8 $11) (18. Nc6 $5 Bb5 19.
Ne7+ Kh8 20. Bxb5 Nxb5 21. a4 Nd6 22. Rc7 Rfd8 23. Rhc1 Nfe8 24. R7c3 $14)
18... Bb5 19. Bxb5 Nxb5 20. a4 Nd6 21. Rc6 Rfd8 22. Ra1 $1 {23.a5 is coming!
It's always a good idea to spend some time cautiously preparing an idea when
the opponent is forced to stay in one place.} (22. a5 bxa5 $1 {A typical
example of everyday logic in chess. White has played a5 without preparation,
therefore the best counter option should be to take the pawn!} (22... b5 23.
Rhc1 Nfe8 24. g4 f6 25. Nd3 $16) (22... Nde4 23. Nxe4 dxe4 24. a6 Nd5 25. Rhc1
$14) (22... Nfe4 23. Nxe4 Nxe4 24. Rc7 bxa5 25. Nc6 Rd6 26. Rc1 $14) 23. Ra1
Nde4 24. Rxa5 Rdb8 25. Nxe4 Nxe4 $11) 22... Nfe8 23. a5 f6 24. axb6 (24. Nd3
Rdc8 (24... Rac8 25. Nb4 Rxc6 26. Nxc6 Rd7 27. axb6 axb6 28. Ra6 Nc8 29. Ra8
Ned6 30. g4 $11) 25. Nb4 Rxc6 26. Nxc6 Nc7 $11) 24... axb6 25. Rxa8 Rxa8 26.
Nd7 b5 27. Nc5 Kf7 28. e4 {Not a winning move. Unfortunately for White there
is nothing else that could be done. Black's position is, simply said - solid,
and the rook on a8 is no less active than the one on c6.} (28. g4 h6 29. h4 Ra1
30. g5 Rh1 $132 (30... Rg1 31. Ra6 hxg5 32. hxg5 Rg2+ 33. Kd3 fxg5 34. fxg5
Rxg5 35. Nf3 Rg3 36. Ne5+ Kf6 $11)) (28. Na6 Rc8 29. Rxc8 Nxc8 30. Kd3 Na7 (
30... Ncd6 31. Kc3 Ke7 32. Kb4 h5 33. Kc5 Nf5 34. Nf1 $14) 31. e4 Nc6 32. exd5
exd5 33. Nb1 b4 $11) (28. Rb6 h5 29. h3 Ra1 $11) 28... dxe4 29. Ndxe4 Nxe4 $2 {
A pivotal moment in the game, most likely caused by time trouble.} (29... Ra2+
$1 30. Kf3 (30. Nd2 h6 31. Kd3 g5 $11) 30... Nf5 31. Nxe6 Rb2 32. g4 Rxb3+ 33.
Ke2 (33. Kf2 Rb2+ 34. Kf3 Rb3+ $11) 33... Re3+ 34. Kd2 Rxe4 35. gxf5 Ke7 $11)
30. Nxe4 Ra2+ 31. Kf3 Rb2 32. Nc5 g5 33. Rb6 $6 {There is an unwritten rule in
chess which states that every time a piece takes (or often attacks) a pawn it
takes up a less active position - which is the case with 33.Rb6. That is why
Kramnik should have gone for the endgame where his more active pieces could
have decided the game to his advantage. Activity is key in chess, and more
specifially - in endgames!} (33. fxg5 $1 fxg5 34. h3 Ng7 35. g4 Rc2 36. Rb6
Rc3+ 37. Kg2 Rc2+ 38. Kf1 Rc1+ 39. Ke2 Rc2+ 40. Kd3 Rh2 41. Rxb5 Rxh3+ 42. Kc4
h5 43. Ne4 Rh4 44. Nxg5+ Kf6 45. Ne4+ Kf7 46. Rb7+ Kf8 47. b4 Rxg4 48. Nc5 $14)
33... gxf4 $2 (33... g4+ 34. Kxg4 Rxg2+ 35. Kf3 Rxh2 36. Nxe6 Rh3+ 37. Ke4 h5
38. d5 h4 39. Nd8+ Ke7 40. Nc6+ Kf7 41. Nd4 Rh1 $11) 34. Rb7+ Kg6 (34... Kg8
35. Nxe6 (35. Rxb5 e5 36. Rb8 Kf7 37. Rb7+ Kg6 38. dxe5 fxe5 39. Nd3 Rc2 40.
Nxe5+ Kf5 41. Nc4 Rc3+ 42. Ke2 $16) 35... Rxb3+ 36. Kxf4 b4 37. Re7 Rc3 38. d5
Rc8 39. Rb7 Rc4+ 40. Ke3 $16) 35. Nxe6 Kf5 36. Nc5 Rc2 $2 {At this point it
may be difficult to save the game but not impossible. Chess holds infinite
resources! However, practical chess is very different from theory and in here
time trouble is key in deciding the final result.} ({The last chance for
counterplay was} 36... Rd2 37. Rd7 (37. Rxb5 Nc7 38. Rb7 Nd5 39. Rxh7 Rxd4 40.
Rh5+ Kg6 41. Rh8 Rb4 42. Rd8 Ne7 43. Nd3 Rxb3 44. Kxf4 $16) 37... b4 38. h3 h5
39. Rd5+ Kg6 40. Ne6 Rd3+ 41. Kxf4 Ng7 42. Nxg7 Kxg7 43. Rxh5 Rxb3 44. Rb5 $16)
37. Ne4 $18 Nc7 (37... Kg6 38. Rxb5 $18) 38. Rb6 Nd5 (38... Ne8 39. Rxb5+ Kg6
40. Rb8 Kf7 41. Rb7+ $18) 39. Rd6 {A good game from Kramnik! I still find it
amazing how given all the inaccuracies made by Grandelius, his position
remained solid until the very end. Grandelius fought well but was outmatched
in time trouble.} 1-0